000 00892nam a22002057a 4500
005 20241004144341.0
008 240820b ||||| |||| 00| 0 eng d
082 _aDPer 370.15 J826 April - May 2021 v113no. 3-4
100 _aBernstein, Brian O.
_eauthor.
_958518
245 _aAcademic acceleration in gifted youth and fruitless concerns regarding psychological well-being:
_ba 35-year longitudinal study /
_cBrian O. Bernstein, David Lubinski, and Camilla P. Benbow.
260 _aWashington;
_bAmerican Psychological Association,
_cMay 2021.
300 _avolume 113, pages 830-845,
_billustration.
650 0 _aPsychology.
_91184
650 0 _aGifted children--Education.
_937646
650 0 _aWell-being.
_954342
700 _aBernstein, Brian O.
_eauthor.
_958518
700 _aLubinski, David.
_eauthor.
_958519
700 _aBenbow, Camilla P.
_eauthor.
_958520
942 _2ddc
_cPER
999 _c20715
_d20715